Statystyki dla Polskie miasta na literę S

Kliknij tutaj aby rozwiązać quiz!

Ogólne statystyki

  • Ten quiz został rozwiązany 272 razy
  • Średni wynik to 4 z 8

Statystyki odpowiedzi

WojewództwoMiasto% Poprawnych
ZachodniopomorskieSzczecin
92%
ŚląskieSosnowiec
72%
PodlaskieSuwałki
72%
PomorskieSłupsk
59%
MazowieckieSiedlce
52%
ZachodniopomorskieStargard
47%
PodkarpackieStalowa Wola
40%
ŚląskieSiemanowice Śląskie
11%

Rozkład punktacji

Percentyl według liczby udzielonych odpowiedzi

Procent ludzi z każdym wynikiem

Twoja historia wyników

Nie rozwiązałeś tego quizu